Caricamento...
Introduction to anthropology /
| Altri autori: | |
|---|---|
| Natura: | Printed Book |
| Pubblicazione: |
Canada:
Cengage learning,
2007.
|
| Soggetti: |
| LEADER | 00501cam a2200157ua 4500 | ||
|---|---|---|---|
| 008 | 100724t2007||||||||||| 00 ||||| c | ||
| 082 | |a 301 |b INT | ||
| 245 | 1 | 0 | |a Introduction to anthropology / |
| 260 | |a Canada: |b Cengage learning, |c 2007. | ||
| 300 | |a 614p.. | ||
| 362 | 1 | |a 2007. | |
| 650 | 0 | |a Anthropology | |
| 700 | 0 | 2 | |a Haviland,, William A. |
| 942 | |c BK | ||
| 999 | |c 22846 |d 22846 | ||
| 952 | |0 0 |1 0 |4 0 |6 301_000000000000000_IN |7 0 |9 24246 |a KUCL |b KUCL |d 2014-05-23 |l 2 |o 301 IN |p 23316 |r 2019-06-21 |s 2019-06-13 |w 2014-05-23 |y BK | ||